| Tag |
First Indicator |
Second Indicator |
Subfields |
| LEADER |
00000cam a2200000Mi 4500 |
| 001 |
in00003567513 |
| 006 |
m o d |
| 007 |
cr mnu---uuaaa |
| 008 |
121227s1993 mau o 000 0 eng |
| 005 |
20260420201310.3 |
| 020 |
|
|
|a 9781468465211 (electronic bk.)
|
| 020 |
|
|
|a 146846521X (electronic bk.)
|
| 020 |
|
|
|z 9781468465235
|
| 020 |
|
|
|z 1468465236
|
| 035 |
|
|
|a (OCoLC)852790037
|
| 040 |
|
|
|a AU@
|b eng
|c AU@
|d OCLCO
|d OCLCQ
|d GW5XE
|d OCLCF
|d UtOrBLW
|
| 049 |
|
|
|a TXAM
|
| 050 |
|
4 |
|a H1-970.9
|
| 072 |
|
7 |
|a J
|2 bicssc
|
| 072 |
|
7 |
|a JHB
|2 bicssc
|
| 072 |
|
7 |
|a SOC000000
|2 bisacsh
|
| 082 |
0 |
4 |
|a 300
|2 23
|
| 100 |
1 |
|
|a Reed, Robert M.
|
| 245 |
1 |
4 |
|a The Encyclopedia of Television, Cable, and Video /
|c by Robert M. Reed, Maxine K. Reed.
|
| 264 |
|
1 |
|a Boston, MA :
|b Springer US,
|c 1993.
|
| 300 |
|
|
|a 1 online resource (640 pages)
|
| 336 |
|
|
|a text
|b txt
|2 rdacontent
|
| 337 |
|
|
|a computer
|b c
|2 rdamedia
|
| 338 |
|
|
|a online resource
|b cr
|2 rdacarrier
|
| 520 |
|
|
|a This is a major reference work about the overlapping fields of television, cable and video. With both technical and popular appeal, this book covers the following areas: advertising, agencies, associations, companies, unions, broadcasting, cable-casting, engineering, events, general production and programming.
|
| 500 |
|
|
|a Electronic resource.
|
| 650 |
|
0 |
|a Social sciences.
|
| 650 |
|
7 |
|a Social sciences.
|2 fast
|0 (OCoLC)fst01122877
|
| 655 |
|
7 |
|a Electronic books.
|2 local
|
| 700 |
1 |
|
|a Reed, Maxine K.
|
| 710 |
2 |
|
|a SpringerLink (Online service)
|
| 776 |
1 |
8 |
|i Print version:
|z 9781468465235
|
| 856 |
4 |
0 |
|u http://proxy.library.tamu.edu/login?url=https://link.springer.com/10.1007/978-1-4684-6521-1
|z Connect to the full text of this electronic book
|t 0
|
| 994 |
|
|
|a 92
|b TXA
|
| 999 |
|
|
|a MARS
|
| 999 |
f |
f |
|s 49387b4a-cc76-3745-8d89-b97029842681
|i 1b99a335-59c7-3a9f-ad57-b6afbacdd86b
|t 0
|
| 952 |
f |
f |
|a Texas A&M University
|b College Station
|c Electronic Resources
|s www_evans
|d Available Online
|t 0
|e H1-970.9
|h Library of Congress classification
|
| 998 |
f |
f |
|a H1-970.9
|t 0
|l Available Online
|